书目信息 |
| 书名: | ENCYCLOPEDIA OF MATHEMATICS AND ITS APPLICATIONS | |
| 作者: | Gordon James, Adalbert Kerber ; foreword by P.M. Cohn ; introduction by G. de B. Robinson. | |
| 分册号: | ||
| 分册名: | The representation theory of the symmetric group. | 出版地: | Reading, Mass. : |
|
| 出版社: | Addison-Wesley Pub. Co., Advanced Book Program | |
| 出版时间: | 1981. | |
| 页数: | xxviii, 510 p. : | |
| 开本: | 25 cm. | |
| 丛书名: | ||
| 中图分类号: | ||
| 科图分类号: | ||
| 其他分类号: | O1-61 | |
| 主题词: | ||
| 电子资源: | ||
| 000 | 01423nam 2200337 a 4500 | |
| 001 | E0756026827 | |
| 005 | 20070429160515.32 | |
| 008 | @b@b@b@b@b@b@b@b@b 00110 eng | |
| 008 | @1@1@1@1@1@1@1@1@1 uu | |
| 010 | @a81012681 //r852 | |
| 020 | @a0201135159. | |
| 049 | @aN5LA | |
| 050 | 0 | @aQA171 @b.J34 |
| 082 | 0 | @a512/.22 @219 |
| 090 | @a2/O152.6/JGD////////394659/755731/ cop.2 | |
| 090 | @aO1-61 | |
| 096 | @aO152.6 @v2 | |
| 099 | @dO1-61@ex4:16 | |
| 100 | 10 | @aJames, G. D. @q(Gordon Douglas), @d1945- |
| 245 | 14 | @aENCYCLOPEDIA OF MATHEMATICS AND ITS APPLICATIONS / @cGordon James, Adalbert Kerber ; foreword by P.M. Cohn ; introduction by G. de B. Robinson.@nvolume 16,@pThe representation theory of the symmetric group. |
| 260 | 0 | @aReading, Mass. :@bAddison-Wesley Pub. Co., Advanced Book Program,@c1981. |
| 300 | @axxviii, 510 p. :@bport. ;@c25 cm. | |
| 490 | 1 | @aEncyclopedia of mathematics and its applications ; @vv. 16. Section, Algebra |
| 500 | @aIncludes index. | |
| 504 | @aBibliography: p. 468-505. | |
| 650 | 0 | @aRepresentations of groups. |
| 650 | 0 | @aSymmetry groups. |
| 700 | 10 | @aKerber, Adalbert. |
| 830 | 0 | @aEncyclopedia of mathematics and its applications. @pSection, Algebra. @b00 @c20020930 @lNLC09 @h2248 @lNLC09 @h2322 @lNLC09 @h1913 |
| 830 | 0 | @aEncyclopedia of mathematics and its applications ; @vv. 16. |
| 852 | 9 | @bWWJC @cJ08S @k2 @hO152.6 @iJGD |
| ENCYCLOPEDIA OF MATHEMATICS AND ITS APPLICATIONS / / Gordon James, Adalbert Kerber ; foreword by P.M. Cohn ; introduction by G. de B. Robinson.. volume 16,. The representation theory of the symmetric group.-Reading, Mass. : : Addison-Wesley Pub. Co., Advanced Book Program, , 1981. |
| xxviii, 510 p. : : port. ; ; 25 cm.- (Encyclopedia of mathematics and its applications ; v. 16. Section, Algebra ) |
| Includes index.-Bibliography: p. 468-505. |
| ISBN 0201135159. |
| ● |
| 相关链接 |
|
|
|
|
正题名:CLOPEDIA OF MATHEMATICS AND ITS APPLICATIONS
索取号:O1-61/x4:16
 
预约/预借
| 序号 | 登录号 | 条形码 | 馆藏地/架位号 | 状态 | 备注 |
| 1 | 182941 | 000455144 | 第二样本阅览室/ [索取号:O1-61/x4:16] | 在馆 | |
| 2 | 182942 | 000455750 | 第四借阅区/ [索取号:O1-61/x4:16] | 在馆 |